| 000 | 00797cas a2200277 4500 | ||
|---|---|---|---|
| 022 | 0 | _a0031-949X | |
| 040 | _cMUL | ||
| 082 | 0 | 4 | _a632 AME 1993 A112 Or.V.83 |
| 245 | 0 | 0 | _aPhytopathology. |
| 260 |
_a[St. Paul, Minn., etc.], _b[American Phytopathological Society] |
||
| 300 |
_avolumes _billustrations _c24-28 cm |
||
| 500 | _aList of members of the society accompany v. 22, no. 9; v. 25, no. 5. | ||
| 650 | 0 | _aPlant diseases | |
| 650 | 1 | 2 | _aBotany. |
| 650 | 2 | 2 | _aPlant Viruses. |
| 650 | 6 | _aPlantes | |
| 650 | 6 | _aBotanique | |
| 650 | 6 | _aVirus phytopathogènes | |
| 650 | 7 | _aMensuels. | |
| 650 | 7 | _aMaladies des plantes. | |
| 650 | 7 | _aPlant diseases. | |
| 650 | 1 | 7 | _aPlantenziekten. |
| 650 | 4 | _aPatología vegetal | |
| 710 | 2 | _aAmerican Phytopathological Society. | |
| 942 | _cEK | ||
| 999 |
_c17170 _d17170 |
||